Responses for Show #8918 - Wednesday, July 19, 2023

Contestants

[<< previous game]

Liz Cotrufello, a 4th grade teacher from Broomall, Pennsylvania

Sean Weatherston, a physical therapist from Nampa, Idaho

David Bederman, an attorney from Los Angeles, California (whose 1-day cash winnings total $28,401)

[next game >>]

Jeopardy! Round responses

PAINTER SELFIES
SAME 2 LETTERS, DIFFERENT PLACE
(Ken: You'll need to give a state from its postal abbreviation and a country from its Internet code.)
FASHION OLD & NEW
JULIE & JULIA
5 ABOUT 4
ADD AN E AT THE END
(Ken: The responses will be two words; give me both.)
    $200 16
van Gogh

Sean
    $200 14
Indiana & India

David
    $200 26
neon

David
    $200 18
Julia Louis-Dreyfus

Sean
    $200 25
captain

Liz
    $200 9
cub & cube

Sean
    $400 7
Gauguin

Sean
    $400 10
California & Canada

David
    $400 30
boyfriend

David
    $400 17
Catwoman

Liz
    $400 24
poker

Liz
    $400 3
(Sean: What are mass and masse?)

glob & globe

DavidSean
    $1,000 6
(David: Who is Andy Warhol?)
(Ken: No, I'm sorry; he did a lot of other covers for the Post, [*].)

Norman Rockwell

David
    $600 13
Arkansas & Argentina

Sean
    $600 29
(Liz: What is a coverall?)

a jumpsuit

SeanLiz
    $600 19
Marge Simpson

David
    $600 15
(Ken: Correct, in 1732.)

Washington

Sean
    $600 2
spit & spite

Sean
    $800 5
the painters' guild

Triple Stumper
    $800 11
(Sean: What are Delaware and Denmark?)
...
(Ken: Yeah, it's Deutschland.)

Delaware & Germany

DavidSean
    $800 27
Beanies

David
    $800 20
a tiara

Triple Stumper
    $800 22
(Ken: Yes, and you're out of the [*].)

red

Liz
    $800 1
moral & morale

David
    $1000 8
Basquiat

David
    $1000 12
(Liz: What are Alabama and...)

Alabama & Albania

DavidLiz
    $1000 28
a trench coat

Triple Stumper
    $1000 21
(Ken: In Before Sunrise and its sequels, that's [*].)

Julie Delpy

Triple Stumper
    $1000 23
Oxford

Triple Stumper
    $1000 4
prim & prime

David

Scores at the first commercial break (after clue 15):

David Sean Liz
$4,600 $1,200 -$1,000

Scores at the end of the Jeopardy! Round:

David Sean Liz
$6,600 $2,200 $200

Double Jeopardy! Round responses

TITLES WITH PUNCTUATION
GEOLOGY
MUSICAL MENAGERIE
GET YOUR KICKS ON ROUTE 66
HISTORY
THE "LL" YOU SAY
    $400 6
How the Grinch Stole Christmas!

Liz
    $400 11
a vein

Liz
    $400 16
when doves cry

David
    $400 29
a drive-in theater

Liz
    $400 30
the Boston Tea Party

Sean
    $400 1
Your Excellency

Liz
    $800 7
the Lion, the Witch & the Wardrobe

Liz
    $800 12
erosion

Liz
    $800 19
(David: Who is Sia?)

Shakira

DavidLiz
    $800 28
bumper stickers

Liz
    $800 27
Samurai

Sean
    $800 2
logrolling

Liz
    $1200 8
in the Pits

Liz
    $1200 13
salt (sodium chloride)

Triple Stumper
    $1200 18
coyotes

Triple Stumper
    $4,000 21
Michigan (Avenue)

David
    $1200 24
the XYZ Affair

David
    $1200 3
the hornbill

Triple Stumper
    $1600 9
Girl, Interrupted

Liz
    $1,600 14
topographical (topographic)

Liz
    $1600 17
Toby Keith

Sean
    $1600 22
lead

Triple Stumper
    $1600 25
the Black Panthers

David
    $1600 4
an installation

Triple Stumper
    $2000 10
(Liz: What is Go West Young Man?)

Westward Ho!

SeanLiz
    $2000 15
Pangaea

Liz
    $2000 20
Black Sabbath

David
    $2000 23
Cadillac Ranch

Triple Stumper
    $2000 26
Tycho Brahe

Triple Stumper
    $2000 5
peccadillo

Liz

Scores at the end of the Double Jeopardy! Round:

David Sean Liz
$15,000 $7,000 $12,200

[wagering suggestions for these scores]

Final Jeopardy! Round responses

FAMOUS PAINTINGS
(Ken: [To Sean] Yes, [*], of course, had been bombed by the Germans so they had a vested interest in being art critics about it.)
...
(Ken: [To Liz] No, Woman Descending a Staircase it was gonna be, I guess?)
[Liz nods.]
SeanWhat is Guernica?
$3,000
LizWhat is Woman descending
$2,801
DavidWhat is Guernica?
$9,401
Guernica

Final scores:

David Sean Liz
$24,401 $10,000 $9,399
2-day champion: $52,802 2nd place: $2,000 3rd place: $1,000

Game dynamics:

Coryat scores:

David Sean Liz
$13,200 $7,000 $12,200
17 R
(including 1 DD),
2 W
(including 1 DD)
12 R,
2 W
18 R
(including 1 DD),
3 W

Combined Coryat: $32,400

[game clues] [game scores] [suggest correction]

Game tape date: 2023-05-18
The J! Archive is created by fans, for fans. Scraping, republication, monetization, and malicious use prohibited; this site may use cookies and collect identifying information. See terms. The Jeopardy! game show and all elements thereof, including but not limited to copyright and trademark thereto, are the property of Jeopardy Productions, Inc. and are protected under law. This website is not affiliated with, sponsored by, or operated by Jeopardy Productions, Inc. Join the discussion at JBoard.tv.